000 00755nam a2200229 a 4500
999 _c11386
_d11386
001 11386
003 BD-JhCC
005 20190921074306.0
008 190607b 2009bg a|||| ||a| 001 0 ben d
020 _a9840747657
035 _a(BD-JhCC)11385
040 _aBD-JhCC
_dBD-JhCC
041 _aben
082 _bABD 2009
_a664.8
100 _aআব্দুর রাজ্জাক, মো:
245 _aফল প্রক্রিয়াজাতকরণ /
_cমো: আব্দুর রাজ্জাক ।
260 _aঢাকা:
_bবাংলা একাডেমী;
_c২০০৯.
300 _a১৪৩ পৃ . :
_bill;
_c২২ সেমি.
650 _aFruit--Preservation
942 _2ddc
_cBK